<?xml version="1.0" encoding="UTF-8"?>
<record
    xmlns:xsi="http://www.w3.org/2001/XMLSchema-instance"
    xsi:schemaLocation="http://www.loc.gov/MARC21/slim http://www.loc.gov/standards/marcxml/schema/MARC21slim.xsd"
    xmlns="http://www.loc.gov/MARC21/slim">

  <leader>00801nam a22001817a 4500</leader>
  <controlfield tag="003">LK-CoMWRAF</controlfield>
  <controlfield tag="005">20231201122820.0</controlfield>
  <controlfield tag="008">230928b        |||||||| |||| 00| 0 eng d</controlfield>
  <datafield tag="040" ind1=" " ind2=" ">
    <subfield code="a">LK-CoMWRAF</subfield>
    <subfield code="d">LK-CoMWRAF</subfield>
    <subfield code="e">LK-CoMWRAF</subfield>
  </datafield>
  <datafield tag="041" ind1=" " ind2=" ">
    <subfield code="a">sin</subfield>
  </datafield>
  <datafield tag="082" ind1=" " ind2=" ">
    <subfield code="a">297.63</subfield>
    <subfield code="b">MAW</subfield>
  </datafield>
  <datafield tag="100" ind1=" " ind2=" ">
    <subfield code="a">&#xDB8;&#xDC0;&#xDCA;&#xDAF;&#xDD4;&#xDAF;&#xDD3;. &#xDB8;&#xDC0;&#xDCA;&#xDBD;&#xDCF;&#xDB1;&#xDCF; &#xDC3;&#xDD9;&#xDBA;&#xDCA;&#xDBA;&#xDD2;&#xDAF;&#xDCA; &#xD85;&#xDB6;&#xDD4;&#xDBD;&#xDCA; &#xD87;&#xDBD;&#xDCF;</subfield>
  </datafield>
  <datafield tag="245" ind1=" " ind2=" ">
    <subfield code="a">&#xD8B;&#xDAD;&#xDD4;&#xDB8;&#xDCA; &#xDC3;&#xDB8;&#xDCF;&#xDA2;&#xDBA;&#xD9A; &#xDB1;&#xDD2;&#xDBB;&#xDCA; &#xDB8;&#xDCF;&#xDAD;&#xDD8; :</subfield>
    <subfield code="b">&#xDB8;&#xDD4;&#xDC4;&#xDB8;&#xDCA;&#xDB8;&#xDAF;&#xDCA; &#xDB1;&#xDB6;&#xDD2; &#xDB1;&#xDCF;&#xDBA;&#xD9A; &#xDAD;&#xDD4;&#xDB8;&#xDCF;&#xDAB;&#xDDD;</subfield>
  </datafield>
  <datafield tag="246" ind1=" " ind2=" ">
    <subfield code="a">Uthum samaajayaka nirmaathroo : Muhammad nabi naayaka thumaakoo</subfield>
  </datafield>
  <datafield tag="260" ind1=" " ind2=" ">
    <subfield code="a">&#xDAF;&#xDD9;&#xDC4;&#xDD2;&#xDC0;&#xDBD; :</subfield>
    <subfield code="b">&#xDC4;&#xDD2;&#xDBB;&#xDCF; &#xDAD;&#xDDC;&#xDBB;&#xDAD;&#xDD4;&#xDBB;&#xDD4; &#xDB8;&#xDB0;&#xDCA;&#x200D;&#xDBA;&#xDC3;&#xDCA;&#xDAE;&#xDCF;&#xDB1;&#xDBA;.</subfield>
  </datafield>
  <datafield tag="650" ind1=" " ind2=" ">
    <subfield code="a">&#xDB8;&#xDD4;&#xDC3;&#xDCA;&#xDBD;&#xDD2;&#xDB8;&#xDCA;--&#xDB1;&#xDB6;&#xDD2; &#xDB1;&#xDCF;&#xDBA;&#xD9A; &#xDAD;&#xDD4;&#xDB8;&#xDCF;</subfield>
  </datafield>
  <datafield tag="942" ind1=" " ind2=" ">
    <subfield code="c">BK</subfield>
  </datafield>
  <datafield tag="952" ind1=" " ind2=" ">
    <subfield code="0">0</subfield>
    <subfield code="1">0</subfield>
    <subfield code="4">0</subfield>
    <subfield code="7">0</subfield>
    <subfield code="a">MAIN</subfield>
    <subfield code="b">MAIN</subfield>
    <subfield code="d">2023-09-28</subfield>
    <subfield code="l">0</subfield>
    <subfield code="o">297.63 MAW</subfield>
    <subfield code="p">RAF2048</subfield>
    <subfield code="r">2023-09-28</subfield>
    <subfield code="w">2023-09-28</subfield>
    <subfield code="y">BK</subfield>
  </datafield>
  <datafield tag="952" ind1=" " ind2=" ">
    <subfield code="0">0</subfield>
    <subfield code="1">0</subfield>
    <subfield code="4">0</subfield>
    <subfield code="7">0</subfield>
    <subfield code="a">MAIN</subfield>
    <subfield code="b">MAIN</subfield>
    <subfield code="d">2023-09-28</subfield>
    <subfield code="l">0</subfield>
    <subfield code="o">297.63 MAW</subfield>
    <subfield code="p">RAF2049</subfield>
    <subfield code="r">2023-09-28</subfield>
    <subfield code="w">2023-09-28</subfield>
    <subfield code="y">BK</subfield>
  </datafield>
  <datafield tag="952" ind1=" " ind2=" ">
    <subfield code="0">0</subfield>
    <subfield code="1">0</subfield>
    <subfield code="4">0</subfield>
    <subfield code="7">0</subfield>
    <subfield code="a">MAIN</subfield>
    <subfield code="b">MAIN</subfield>
    <subfield code="d">2023-09-28</subfield>
    <subfield code="l">0</subfield>
    <subfield code="o">297.63 MAW</subfield>
    <subfield code="p">RAF2050</subfield>
    <subfield code="r">2023-09-28</subfield>
    <subfield code="w">2023-09-28</subfield>
    <subfield code="y">BK</subfield>
  </datafield>
  <datafield tag="999" ind1=" " ind2=" ">
    <subfield code="c">3711</subfield>
    <subfield code="d">3711</subfield>
  </datafield>
</record>
